000 00864nam a2200205 a 4500
001 000041256
005 20201002034730.0
008 130920s2001 sp 001 0 spa d
020 _a8400079396
040 _aDO-SdBNP
_bspa
_cBNPHU
100 1 _aSolórzano y Pereira, Juan de
_915192
245 1 0 _aJuan de Solórzano Pereira. De indiarum Iure :
_bLibr. 1: de inquisitione indiarum) /
_cJuan de Solórzano y Pereira; C. Barciero...[et.al].
260 _aMadrid :
_bConsejo Superior de Investigaciones Científicas,
_c2001.
300 _av. ;
_c25 cm.
490 1 _aCorpus Hispanorum de pace.
_aSegunda serie ;
_v8
504 _aIncluye referencias bibliográficas y notas al pie de las páginas
700 1 _aBaciero, C.
_967858
710 2 _aConsejo Superior de Investigaciones Científicas,
_94786
830 0 _aCorpus Hispanorum de pace.
_pSegunda serie
_n8
_967857
999 _c40746
_d40746